000 00542nam a2200241Ia 4500
003 OSt
005 20221005115154.0
006 a|||||r|||| 00| 0
007 ta
008 221004b |||||||| |||| 00| 0 eng d
024 _a51203
037 _cTextual
040 _aCRL
_cCRL
_beng
041 _2eng
_aeng
082 _aQ4, H7
100 _aBesant Annie
245 0 _aBuddhism
260 _c1947
650 _a RELIGION
650 _aBUDDHISM
942 _hQ4, H7
_cTEXL
_2cc
999 _c1033641
_d1033641